| 000 | 00943nac a22002891i 4500 | ||
|---|---|---|---|
| 003 | EG-ScBUE | ||
| 005 | 20241022091916.0 | ||
| 008 | 100907t2000 nyua f b 001 0 eng d | ||
| 020 | _a9783540656203 | ||
| 020 | _a3540656200 | ||
| 040 |
_aEG-ScBUE _beng _erda _cEG-ScBUE _dEG-ScBUE |
||
| 082 | 0 | 4 |
_a516.00285 _bCOM _222 |
| 245 | 0 | 0 |
_aComputational geometry : _balgorithms and applications / _cMark de Berg [and three othrs] |
| 250 | _aSecond edition. | ||
| 250 | _aRevised edition. | ||
| 264 | 1 |
_aBerlin ; _aNew York : _bSpringer, _c[2000] |
|
| 264 | 4 | _cc2000 | |
| 300 |
_axii, 367 pages : _billustrations ; _c25 cm |
||
| 336 |
_2rdacontent _atext _btxt |
||
| 337 |
_aunmediated _2rdamedia _bn |
||
| 338 |
_avolume _bnc _2rdacarrier |
||
| 504 | _aIncludes bibliographical references and index. | ||
| 650 | 7 |
_aGeometry _xData processing. _2BUEsh _918704 |
|
| 655 | _vReading book | ||
| 700 | 1 |
_aDe Berg, M. de Berg, _eauthor. |
|
| 942 |
_cBB _2ddc |
||
| 999 |
_c422 _d422 |
||